000
00338 a2200157 4500
001
59887
020
_a
9783800052554
040
_c
Anchieta - Pituba
100
_a
Hohlbein, Heike
240
1
0
_a
Märchenmond
_l
por
245
1
0
_a
Märchenmond
300
_a
395
362
0
_a
2006
650
4
_a
Literatura juvenil em alemão
942
_c
BK
999
_c
59887
_d
59887